• 首页
  • 本馆介绍
  • 公告通知
  • 最新文献
  • 馆藏检索
  • 电子资源
  • 读者导购
  • 参考咨询
  • 我的图书馆
  • 登录
  • 详细信息显示
  • 放入我的书架
  • 预约/预借图书
  • 作者相关作品
  • 分类相关作品
  • 丛书相关作品
  • 出版社相关作品

书目信息

  • 表格格式
  • 工作单格式
  • 卡片格式
题名:
旅行摄影圣经
    
 
作者: 张千里 著
分册:  
出版信息: 北京   人民邮电出版社  2014
页数: 375页
开本: 24cm
丛书名:
单 册:
中图分类: J416
科图分类:
主题词: 旅游摄影--Lv You She Ying--摄影艺术
电子资源:
ISBN: 978-7-115-35390-0
000 00747nam0 22002291 450
001 0121113111
005 20161122155158.67
010    @a978-7-115-35390-0@dCNY99.00
100    @a20140807d2014 em y0chiy50 ea
101 0  @achi
102    @aCN@b110000
105    @aa z 000yy
106    @ar
200 1  @a旅行摄影圣经@ALv Hang She Ying Sheng Jing@e完美随行版@f张千里著
210    @a北京@c人民邮电出版社@d2014
215    @a375页@c彩图@d24cm
330    @a本书作者根据自己20余年来的旅行摄影经验,向读者讲述了几乎所有旅行中可能出现的场景的拍摄方法和技巧。
606 0  @a旅游摄影@ALv You She Ying@x摄影艺术
690    @aJ416@v5
701  0 @a张千里@AZhang Qian Li@c(摄影)@4著
801  0 @aCN@bTANGWEI@c20161118
905    @b0898661-5@dJ416@e328@f5
    
    旅行摄影圣经:完美随行版/张千里著.-北京:人民邮电出版社,2014
    375页:彩图;24cm
    
    
    ISBN 978-7-115-35390-0:CNY99.00
    本书作者根据自己20余年来的旅行摄影经验,向读者讲述了几乎所有旅行中可能出现的场景的拍摄方法和技巧。
●
相关链接 在E读中查询图书 在五车中查询图书 在当当中查询图书 在豆瓣中查询图书


正题名:旅行摄影圣经     索取号:J416/328         预约/预借

序号 登录号 条形码 馆藏地/架位号 状态 备注
1 0898661   208986613   第一样本阅览室/ [索取号:J416/328] 在馆    
2 0898662   208986622   第一借阅区/ [索取号:J416/328] 在馆    
3 0898663   208986631   第一借阅区/ [索取号:J416/328] 在馆    
4 0898664   208986640   第一借阅区/ [索取号:J416/328] 在馆    
5 0898665   208986659   第一借阅区/ [索取号:J416/328] 在馆    
唐山师范学院图书馆 欢迎您!
大连网信软件有限公司© 版权所有